Brown and Sons Ltd v Crosby Homes (North West) Ltd (Record no. 80275)

MARC details
000 -LEADER
fixed length control field 01572cad a22002055a 4500
001 - CONTROL NUMBER
control field L143781
008 - FIXED-LENGTH DATA ELEMENTS--GENERAL INFORMATION
fixed length control field 080530e20080423xxk f v 000 0 eng d
035 ## - SYSTEM CONTROL NUMBER
System control number (Sirsi) u143781
041 0# - LANGUAGE CODE
Language code of text/sound track or separate title eng
245 00 - TITLE STATEMENT
Title Brown and Sons Ltd v Crosby Homes (North West) Ltd
Medium [electronic resource]
260 ## - PUBLICATION, DISTRIBUTION, ETC.
Date of publication, distribution, etc. 2008
520 ## - SUMMARY, ETC.
Summary, etc. [2008] EWHC 817 (TCC).The applicant (B), a loosing party in an arbitration, applied for leave to extend its time for service of the application. B asserted that documents disclosed in a second, subsequent arbitration would have produced a different outcome and so appealed. The court was reluctant to allow the losing party the opportunity to rely on this material in any appeal, even though its veracity was questioned by B. This was because the task of assessing this evidence had been left by the parties to the arbitrator. Held: Application refused. There was no good reason for the delay, especially in a weak case. Witholding documents might be reprehensible. However, withholding or non-disclosure of documents not ordered to be disclosed by the arbitrator or which had not been agreed to be disclosed could not be reprehensible.
590 ## - LOCAL NOTE (RLIN)
Local note KA
650 24 - SUBJECT ADDED ENTRY--TOPICAL TERM
Topical term or geographic name entry element ARBITRATION ACT 1996
650 24 - SUBJECT ADDED ENTRY--TOPICAL TERM
Topical term or geographic name entry element BROWN (L) & SONS LTD V CROSBY HOMES (NORTH WEST) LTD
651 #4 - SUBJECT ADDED ENTRY--GEOGRAPHIC NAME
Geographic name England and Wales
Chronological subdivision 1543-
690 ## - LOCAL SUBJECT ADDED ENTRY--TOPICAL TERM (OCLC, RLIN)
Topical term or geographic name as entry element MANAGEMENT-DISPUTE AVOIDANCE, MANAGEMENT AND RESOLUTION-DISPUTE MANAGEMENT AND RESOLUTION-ARBITRATION
856 40 - ELECTRONIC LOCATION AND ACCESS
Uniform Resource Identifier <a href="https://www.bailii.org/ew/cases/EWHC/TCC/2008/817.html">https://www.bailii.org/ew/cases/EWHC/TCC/2008/817.html</a>
Public note View the judgment free of charge at www.baiili.org...
942 ## - ADDED ENTRY ELEMENTS (KOHA)
Suppress in OPAC 0
Holdings
Withdrawn status Lost status Source of classification or shelving scheme Damaged status Not for loan Home library Current library Shelving location Date acquired Total Checkouts Full call number Barcode Date last seen Copy number Price effective from Koha item type
    Dewey Decimal Classification     Virtual Virtual Online 30/05/2008   ONLINE PUBLICATION 143781-1001 06/08/2019 1 06/08/2019 Law report